| 000 | 00397nam a22001337a 4500 | ||
|---|---|---|---|
| 003 | OSt | ||
| 005 | 20240320120510.0 | ||
| 008 | 240320b |||||||| |||| 00| 0 eng d | ||
| 040 | _cCentral Library MRSPTU | ||
| 100 | _aL.H. Morgan (ਐਲ.ਐਚ. ਮੋਰਗਨ) | ||
| 245 | _aPuratan Samaj (ਪੁਰਾਤਨ ਸਮਾਜ) | ||
| 260 |
_aBarnala _bTarkbharti Publication _c2003 |
||
| 942 |
_2ddc _cBK _n0 |
||
| 999 |
_c9908 _d9908 |
||